000
00329nam a22001457a 4500
008
210301b ||||| |||| 00| 0 eng d
020
_a
9780672321511
041
_a
eng
080
_a
004
082
_a
004
100
_a
28
101
_a
SHKI
245
_a
Designing from both sides of the screen
_c
Isaacs, E
942
_2
udc
_c
BK
999
_c
55413
_d
55413